03713nam a2200565Ia 45000010005000000080041000050100009000460410014000550820014000692450232000832600013003153000008003285200006003366300021003426300029003636300028003926300034004206300022004546500024004766900024005007000032005247000041005567000047005979010097006449020006007419030040007479040018007879050036008059060006008419070014008479080014008619090040008759100015009159110010009309120014009409130009009549140024009639150019009879160009010069170009010159180014010249190029010385202021010679210007030889220007030959230006031029240014031089420010031229990015031324170241029s9999 xx 000 0 und d a3920 aEspañol aNO APLICA 0aAnálisis del desempeño del equipo de gestión y su incidencia en la calidad educativa de los Politécnicos Altagracia Iglesia de Lora y El Padre Zegrí del Distrito Educativo 05. Regional 08 del año escolar 2013-2014. aSantiago a102 a5 aAcompañamiento aAcompañamiento Escolar aActitud de los Docentes aAdministración de Proyectos aCalidad Educativa aGestión Educativa aCopiado sin cambios easesoraRodríguez, Eladia eautoraCrúz Mora, Bilenia Marisel  eautoraRubio López , Gabriela Alfonsina  a{"1":"Crúz Mora","2":"Rubio López "}b{"1":"Bilenia Marisel ","2":"Gabriela Alfonsina "} a1 a{"1":"Rodríguez"}b{"1":"Eladia"} aMagíster en aGestión de Centros Educativos a2 aNO APLICA aNO APLICA aISFODOSU, Recinto Emilio Prud'Homme aNULLbNULL a["1"] aNO APLICA aNULL a15 de Enero de 2015 a07/11/19 10:11 aNULL aNULL aNO APLICA a["1","207","4","9","29"] aEsta investigación contempló como propósito general analizar el desempeño del equipo de gestión y su incidencia en la Cclidad Educativa  de los Politécnicos Altagracia Iglesia de Lora y El Padre Zegrí del Distrito Educativo 05. Regional 08 del año Escolar 2013-2014. Se tomaron en cuenta las variables, funciones del equipo de gestión, nivel de participación, toma de decisiones y aportes a la Calidad Educativa. En el estudio se utilizó un diseño metodológico de tipo descriptivo, que consiste especificar las propiedades, características y los perfiles de personas, comunidades o cualquier otro fenómeno que se somete a un análisis (Hernández, 2006). Se utilizó el cuestionario como instrumento de recolección de datos.    Los resultados del estudio mostraron que el ejercicio de las funciones del equipo de gestión, están en consonancia con lo establecido en el modelo de gestión para la calidad de centros Educativos. El 75% de la población de profesores del Centro Educativo Padre Zegri, están de acuerdo que el equipo de gestión siempre cumple con sus funciones tocantes a la elaboración de estos planes y proyectos. Sólo del 37% de los padres y madres del Politécnico Altagracia Iglesia, admite que el equipo de gestión fomenta un clima favorable en el proceso enseñanza-aprendizaje. En el Politécnico Padre Zegrí, el equipo de gestión como los docentes dice que siempre 100% se propicia el cumplimiento del horario y el calendario escolar establecido por el MINERD. Existe una similitud entre el personal docente (61.5%) y el equipo de gestión  (66.5%) encuestado en el Politécnico sobre la evaluación de desempeño de los docentes por parte del equipo de gestión. En cuanto a la principal recomendación, ésta estuvo dirigida a los equipos de gestión, referente a consensuar las decisiones tomando en cuenta los demás miembros del equipo y a los docentes y seguir fomentando el clima favorable en la comunidad educativa. a11 a11 a0 aNO APLICA cTesis c3920d3920